Species in Marvel Cinematic Universe - Statistics

General Stats
  • This quiz has been taken 25 times
  • The average score is 5 of 12
Answer Stats
Debut Movie Species % Correct
Thor Asgardian
100%
Thor Frost Giant
68%
Guardians of the Galaxy Kree
68%
Thor: The Dark World Dark Elves
63%
Captain Marvel Skrull
63%
Marvel's The Avengers Chitauri
53%
Guardians of the Galaxy Xandarian
42%
Guardians of the Galaxy Celestial
32%
Guardians of the Galaxy Vol. 2 Sovereign
21%
Avengers: Infinity War Dwarf
16%
Avengers: Infinity War Outrider
11%
Thor: Ragnarok Sakaaran
5%
No matching quizzes found
Score Distribution
Percent of People with Each Score
Percentile by Number Answered
Your Score History
You have not taken this quiz